Contemporary Research Methods at higher education institutions (Record no. 24478)

MARC details
000 -LEADER
fixed length control field 00524nam a22001817a 4500
003 - CONTROL NUMBER IDENTIFIER
control field SGT
020 ## - INTERNATIONAL STANDARD BOOK NUMBER
International Standard Book Number 9789392787195
082 ## - DEWEY DECIMAL CLASSIFICATION NUMBER
Classification number 300.72
Item number C22Y
100 ## - MAIN ENTRY--PERSONAL NAME
Personal name Yadav, Rohit
245 ## - TITLE STATEMENT
Title Contemporary Research Methods at higher education institutions
260 ## - PUBLICATION, DISTRIBUTION, ETC. (IMPRINT)
Place of publication, distribution, etc New Delhi, India
Name of publisher, distributor, etc Selective & Scientific Books Publishers & Distributers
Year of Publication 2022
300 ## - PAGE DESCRIPTION
No. of Pages 131
650 ## - SUBJECT ADDED ENTRY--TOPICAL TERM
Topical term or geographic name as entry element Education
653 ## - KEYWORDS--INDEX TERM
Keyword term Research Methods; Higher education
700 ## - ADDED ENTRY--PERSONAL NAME
Personal name Pandey, Deepak
700 ## - ADDED ENTRY--PERSONAL NAME
Personal name Sharma, Satish Chander
942 ## - ADDED ENTRY ELEMENTS (KOHA)
Source of classification or shelving scheme Dewey Decimal Classification
Koha item type Books
Holdings
Withdrawn status Lost status Source of classification or shelving scheme Damaged status Use restrictions Not for loan Home library Current library Shelving location Date acquired Cost, normal purchase price SGTU Total Checkouts Full call number Accession No. (Barcode) Date last seen Bill Date Koha item type
    Dewey Decimal Classification   Restricted Access Not For Loan SGT Dental Library SGT Dental Library Reference Book 29/07/2023 395.00 SGTU   300.72 C22Y FD8991 29/07/2023 29/07/2023 Books
    Dewey Decimal Classification   Restricted Access Not For Loan SGT Dental Library SGT Dental Library Reference Book 29/07/2023 395.00 SGTU   300.72 C22Y FD8992 29/07/2023 29/07/2023 Books